Spatial and Temporal analysis of CO2 over South Asia From 2002 to 2016 Via Satellite Observations / (Record no. 525316)
[ view plain ]
| 000 -LEADER | |
|---|---|
| fixed length control field | 00620nam a22001937a 4500 |
| 003 - CONTROL NUMBER IDENTIFIER | |
| control field | NUST |
| 005 - DATE AND TIME OF LATEST TRANSACTION | |
| control field | 20190701044630.0 |
| 008 - FIXED-LENGTH DATA ELEMENTS--GENERAL INFORMATION | |
| fixed length control field | 190701b ||||| |||| 00| 0 eng d |
| 038 ## - RECORD CONTENT LICENSOR | |
| Staff Name | Mr. Zahoor |
| 082 ## - DEWEY DECIMAL CLASSIFICATION NUMBER | |
| Classification number | 628 |
| 100 ## - MAIN ENTRY--PERSONAL NAME | |
| Personal name | Syed, Ali Hasan |
| 9 (RLIN) | 16116 |
| 245 ## - TITLE STATEMENT | |
| Title | Spatial and Temporal analysis of CO2 over South Asia From 2002 to 2016 Via Satellite Observations / |
| Statement of responsibility, etc. | Ali Hasan Syed |
| 260 ## - PUBLICATION, DISTRIBUTION, ETC. | |
| Place of publication, distribution, etc. | Islambad: |
| Name of publisher, distributor, etc. | IESE - NUST, |
| Date of publication, distribution, etc. | 2018 |
| 300 ## - PHYSICAL DESCRIPTION | |
| Extent | x, 53 p.: ill.; |
| Other physical details | 30cm. |
| 500 ## - GENERAL NOTE | |
| General note | Hard Cover |
| 650 ## - SUBJECT ADDED ENTRY--TOPICAL TERM | |
| Topical term or geographic name entry element | Environmental Sciences - MS Thesis |
| 9 (RLIN) | 16117 |
| 700 ## - ADDED ENTRY--PERSONAL NAME | |
| Personal name | Dr. Muhammad Fahim Khokhar |
| 9 (RLIN) | 16118 |
| 942 ## - ADDED ENTRY ELEMENTS (KOHA) | |
| Source of classification or shelving scheme | |
| Koha item type | Thesis |
| Withdrawn status | Lost status | Source of classification or shelving scheme | Damaged status | Not for loan | Permanent Location | Current Location | Shelving location | Date acquired | Total Checkouts | Full call number | Barcode | Date last seen | Price effective from | Koha item type |
|---|---|---|---|---|---|---|---|---|---|---|---|---|---|---|
| Central Library (CL) | Central Library (CL) | Thesis | 07/01/2019 | 628 | CL-T-1926 | 07/03/2019 | 07/01/2019 | Thesis |
